Aspects of caste in south India, Ceylon, and north-west Pakistan / (Record no. 22749)

MARC details
000 -LEADER
fixed length control field 00903cam a22002651 4500
001 - CONTROL NUMBER
control field 6085155
003 - CONTROL NUMBER IDENTIFIER
control field BDDh-ASL
005 - DATE AND TIME OF LATEST TRANSACTION
control field 20231015030145.0
008 - FIXED-LENGTH DATA ELEMENTS--GENERAL INFORMATION
fixed length control field 720413s19711960enka 000 0 eng
010 ## - LIBRARY OF CONGRESS CONTROL NUMBER
LC control number 60016058
015 ## - NATIONAL BIBLIOGRAPHY NUMBER
National bibliography number GB60-1800
035 ## - SYSTEM CONTROL NUMBER
System control number (OCoLC)283682
040 ## - CATALOGING SOURCE
Original cataloging agency DLC
Transcribing agency ODaU
Modifying agency OCoLC
-- Uk
-- DLC
-- BDDh-ASL
042 ## - AUTHENTICATION CODE
Authentication code premarc
050 00 - LIBRARY OF CONGRESS CALL NUMBER
Classification number DS422.C3
Item number L4
082 ## - DEWEY DECIMAL CLASSIFICATION NUMBER
Classification number 301.4409
Item number ASP
100 1# - MAIN ENTRY--PERSONAL NAME
Personal name Leach, Edmund Ronald,
Relator term ed.
245 10 - TITLE STATEMENT
Title Aspects of caste in south India, Ceylon, and north-west Pakistan /
260 ## - PUBLICATION, DISTRIBUTION, ETC.
Place of publication, distribution, etc. Cambridge [Eng.]
Name of publisher, distributor, etc. Published for the Dept. of Archaeology and Anthropology at the University Press,
-- Cambridge University Press,
Date of publication, distribution, etc. 1960.
-- 1971.
300 ## - PHYSICAL DESCRIPTION
Extent 147 p. :
Other physical details illus.
Dimensions 24 cm.
490 0# - SERIES STATEMENT
Series statement Cambridge papers in social anthropology,
Volume/sequential designation no. 2
650 #0 - SUBJECT ADDED ENTRY--TOPICAL TERM
Topical term or geographic name entry element Caste
Geographic subdivision India.
906 ## - LOCAL DATA ELEMENT F, LDF (RLIN)
a 7
b cbc
c oclcrpl
d u
e ncip
f 19
g y-gencatlg
942 ## - ADDED ENTRY ELEMENTS (KOHA)
Source of classification or shelving scheme Dewey Decimal Classification
Koha item type Books
Holdings
Withdrawn status Lost status Source of classification or shelving scheme Damaged status Not for loan Collection code Home library Current library Shelving location Date acquired Source of acquisition Total Checkouts Full call number Barcode Date last seen Copy number Price effective from Koha item type Public note
    Dewey Decimal Classification     Non-fiction Asiatic Society Library Asiatic Society Library General Stacks 03/06/2021 Prof. Azizul Haq and Prof. Husniara Huq Collections   301.4409 ASP 107053 03/06/2021 C-1 03/06/2021 Books RARE

Powered by Koha